NFL: Top 3 Most Receptions in Each Draft Round (2022) - Statistics

General Stats
  • This quiz has been taken 9 times
  • The average score is 6 of 24
Answer Stats
Round # Player Catches College % Correct
First Round 11th Chris Olave 204 Ohio State
75%
First Round 10th Garrett Wilson 486 Ohio State
75%
First Round 8th Drake London 252 USC
50%
Third Round 98th Brian Robinson Jr. 67 Alabama
38%
Second Round 52nd George Pickens 182 Georgia
38%
Fifth Round 164th Kyren Williams 78 Notre Dame
38%
Second Round 43rd Wan'Dale Robinson 190 Nebraska / Kentucky
38%
Seventh Round 251st Isiah Pacheco 72 Rutgers
25%
Third Round 88th Jalen Tolbert 76 South Alabama
25%
Fifth Round 156th Jerome Ford 87 Alabama / Cincinnati
25%
Fifth Round 148th Khalil Shakir 136 Boise State
25%
Third Round 91st Rachaad White 168 Nebraska-Kearney / Mt. San Antonio / Arizona State
25%
Second Round 55th Trey McBride 233 Colorado State
25%
Seventh Round 229th Bo Melton 24 Rutgers
13%
Fourth Round 106th Cade Otton 151 Washington
13%
Sixth Round 208th Connor Heyward 42 Michigan State
13%
Fourth Round 129th Jake Ferguson 163 Wisconsin
13%
Sixth Round 191st Jalen Nailor 44 Michigan State
13%
Undrafted N/A Jaylen Warren 133 Snow / Utah State / Oklahoma State
13%
Undrafted N/A Rashid Shaheed 104 Weber State
13%
Fourth Round 132nd Romeo Doubs 152 Nevada
13%
Sixth Round 198th Grant Calcaterra 34 Oklahoma / SMU
0%
Seventh Round 258th Samori Toure 13 Montana / Nebraska
0%
Undrafted N/A Stone Smartt 31 Northern Arizona / Riverside City / Old Dominion
0%
No matching quizzes found
Score Distribution
Percent of People with Each Score
Percentile by Number Answered
Your Score History
You have not taken this quiz